<?xml version="1.0" encoding="UTF-8"?>
<record
    xmlns:xsi="http://www.w3.org/2001/XMLSchema-instance"
    xsi:schemaLocation="http://www.loc.gov/MARC21/slim http://www.loc.gov/standards/marcxml/schema/MARC21slim.xsd"
    xmlns="http://www.loc.gov/MARC21/slim">

  <leader>01211nam a2200277 a 4500</leader>
  <controlfield tag="001">150</controlfield>
  <controlfield tag="003">BD-RjUL</controlfield>
  <controlfield tag="005">20211208233124.0</controlfield>
  <controlfield tag="008">131109s1996    bg            001 0 benod</controlfield>
  <datafield tag="020" ind1=" " ind2=" ">
    <subfield code="a">9844013658</subfield>
    <subfield code="c">: Tk. 150.00</subfield>
  </datafield>
  <datafield tag="035" ind1=" " ind2=" ">
    <subfield code="a">(BD-RjUL)163</subfield>
    <subfield code="a">OCLC	37518800</subfield>
  </datafield>
  <datafield tag="040" ind1=" " ind2=" ">
    <subfield code="a">DLC</subfield>
    <subfield code="c">DLC</subfield>
    <subfield code="b">ben</subfield>
    <subfield code="d">(BD-RjUL)</subfield>
  </datafield>
  <datafield tag="041" ind1=" " ind2=" ">
    <subfield code="a">ben</subfield>
  </datafield>
  <datafield tag="082" ind1="0" ind2="4">
    <subfield code="2">23</subfield>
    <subfield code="a">954.9205</subfield>
    <subfield code="b">MUS 1996</subfield>
  </datafield>
  <datafield tag="100" ind1="1" ind2=" ">
    <subfield code="a">&#x9AE;&#x9C1;&#x9B9;&#x9BF;&#x9A4;, &#x986;&#x9AC;&#x9C1;&#x9B2; &#x9AE;&#x9BE;&#x9B2; &#x986;&#x9AC;&#x9A6;&#x9C1;&#x9B2;</subfield>
    <subfield code="9">485</subfield>
  </datafield>
  <datafield tag="245" ind1="1" ind2="0">
    <subfield code="a">&#x9B8;&#x9CD;&#x9AE;&#x9C3;&#x9A4;&#x9BF; &#x985;&#x9AE;&#x9CD;&#x9B2;&#x9BE;&#x9A8; &#x9E7;&#x9EF;&#x9ED;&#x9E7; /</subfield>
    <subfield code="c">&#x986;&#x9AC;&#x9C1;&#x9B2; &#x9AE;&#x9BE;&#x9B2; &#x986;&#x9AC;&#x9A6;&#x9C1;&#x9B2; &#x9AE;&#x9C1;&#x9B9;&#x9BF;&#x9A4;.</subfield>
  </datafield>
  <datafield tag="260" ind1=" " ind2=" ">
    <subfield code="a">&#x9A2;&#x9BE;&#x995;&#x9BE; :</subfield>
    <subfield code="b">&#x986;&#x997;&#x9AE;&#x9A8;&#x9C0; &#x9AA;&#x9CD;&#x9B0;&#x995;&#x9BE;&#x9B6;&#x9A8;&#x9C0;,</subfield>
    <subfield code="c">&#x9E7;&#x9EF;&#x9EF;&#x9EC;.</subfield>
  </datafield>
  <datafield tag="300" ind1=" " ind2=" ">
    <subfield code="a">&#x9E8;&#x9E9;&#x9EC; &#x9AA;&#x9C3;. ;</subfield>
    <subfield code="c">&#x9E8;&#x9E8; &#x9B8;&#x9C7;&#x9AE;&#x9BF;.</subfield>
  </datafield>
  <datafield tag="504" ind1=" " ind2=" ">
    <subfield code="a">&#x9A8;&#x9BF;&#x9B0;&#x9CD;&#x998;&#x9A8;&#x9CD;&#x99F; &#x9B8;&#x982;&#x9AF;&#x9C1;&#x995;&#x9CD;&#x9A4;</subfield>
  </datafield>
  <datafield tag="520" ind1=" " ind2=" ">
    <subfield code="a">Author's reminiscences of the role of Bengalis in United States and its government during the 1971 Bangladesh liberation war.</subfield>
  </datafield>
  <datafield tag="651" ind1=" " ind2=" ">
    <subfield code="a">&#x9AC;&#x9BE;&#x982;&#x9B2;&#x9BE;&#x9A6;&#x9C7;&#x9B6;</subfield>
    <subfield code="x">&#x987;&#x9A4;&#x9BF;&#x9B9;&#x9BE;&#x9B8;</subfield>
    <subfield code="y">&#x9AE;&#x9C1;&#x995;&#x9CD;&#x9A4;&#x9BF;&#x9AF;&#x9C1;&#x9A6;&#x9CD;&#x9A7;, &#x9E7;&#x9EF;&#x9ED;&#x9E7;</subfield>
    <subfield code="9">196218</subfield>
  </datafield>
  <datafield tag="651" ind1=" " ind2=" ">
    <subfield code="a">Bangladesh</subfield>
    <subfield code="x">History</subfield>
    <subfield code="y">Liberation war, 1971</subfield>
    <subfield code="9">196219</subfield>
  </datafield>
  <datafield tag="856" ind1=" " ind2=" ">
    <subfield code="3">worldCat details</subfield>
    <subfield code="u">http://www.worldcat.org</subfield>
  </datafield>
  <datafield tag="942" ind1=" " ind2=" ">
    <subfield code="2">ddc</subfield>
    <subfield code="c">BK</subfield>
  </datafield>
  <datafield tag="999" ind1=" " ind2=" ">
    <subfield code="c">150</subfield>
    <subfield code="d">150</subfield>
  </datafield>
  <datafield tag="952" ind1=" " ind2=" ">
    <subfield code="0">0</subfield>
    <subfield code="1">0</subfield>
    <subfield code="2">ddc</subfield>
    <subfield code="4">0</subfield>
    <subfield code="7">0</subfield>
    <subfield code="8">NFIC</subfield>
    <subfield code="a">RUCL</subfield>
    <subfield code="b">RUCL</subfield>
    <subfield code="c">Stack</subfield>
    <subfield code="d">1999-01-09</subfield>
    <subfield code="e">Agami Prakashani</subfield>
    <subfield code="g">150.00</subfield>
    <subfield code="l">1</subfield>
    <subfield code="o">B 954.9205 MUS 1996</subfield>
    <subfield code="r">2018-05-16 00:00:00</subfield>
    <subfield code="s">2018-04-10</subfield>
    <subfield code="t">C-2</subfield>
    <subfield code="w">2021-12-08</subfield>
    <subfield code="y">BK</subfield>
  </datafield>
  <datafield tag="952" ind1=" " ind2=" ">
    <subfield code="0">0</subfield>
    <subfield code="1">0</subfield>
    <subfield code="2">ddc</subfield>
    <subfield code="4">0</subfield>
    <subfield code="7">0</subfield>
    <subfield code="8">NFIC</subfield>
    <subfield code="a">RUCL</subfield>
    <subfield code="b">RUCL</subfield>
    <subfield code="c">Stack</subfield>
    <subfield code="d">1999-01-09</subfield>
    <subfield code="e">agamy prokasony</subfield>
    <subfield code="g">150.00</subfield>
    <subfield code="l">0</subfield>
    <subfield code="o">B 954.9205 MUS 1996</subfield>
    <subfield code="r">2016-11-05 00:00:00</subfield>
    <subfield code="t">C-3</subfield>
    <subfield code="w">2016-11-05</subfield>
    <subfield code="y">BK</subfield>
  </datafield>
</record>
